000 00743nam a2200229 a 4500
001 14392
003 BD-JhCC
005 20250908100023.0
008 250908b2022 nyua|||| ||a| 001 0 eng d
020 _a9781780557106
035 _a(BD-JhCC)14391
040 _aBD-JhCC
_dBD-JhCC
041 _aenglish
082 _a793.74
_bMOO 2022
100 _a Fullman,Joe
245 _aGeneral knowledge quizzes for clever kids :
_bover 100 STEM puzzles to exercise your mind /
_cJoe Fullman.
260 _a London:
_bBuster Books;
_c2022.
300 _a101 p. :
_bill;
_c20 cm.
490 _a Buster brain games.
650 _a Jeux intellectuels Ouvrages pour la jeunesse
_xJuvenile works
_yPuzzles
_zPuzzles Juvenile literature
942 _2ddc
_cBK
999 _c14392
_d14392